Loading...

Selected plays /

Bibliographic Details
Main Author: Webster, John
Other Authors: Ford, John
Format: Printed Book
Language:English
Published: London: Everyman's, c1974.
Subjects:
LEADER 00620 a2200181 4500
008 150103s9999 000 0 eng
020 |a 046001899X 
082 |a 822.3  
100 |a Webster, John. 
245 |a Selected plays / 
260 |a London:  |b Everyman's,  |c c1974. 
300 |a 336 p. 
505 |a The white devil,The Duchess of Malfi,The broken heart, Tis pity she's a whore. 
650 |a English drama. 
700 |a Ford, John. 
942 |c BK 
999 |c 302242  |d 302242 
952 |0 0  |1 0  |2 ddc  |4 0  |6 822_300000000000000_WEB_SE  |7 0  |9 345669  |a DRA  |b DRA  |c ST1  |d 2010-10-05  |i 2473  |l 0  |o 822.3 WEB/SE  |p DRA2473  |r 2019-01-03  |w 2019-01-03  |y BK